Battle for the world, (Record no. 552739)
[ view plain ]
| 000 -LEADER | |
|---|---|
| fixed length control field | 00944cam a22001931 4500 |
| 082 ## - DEWEY DECIMAL CLASSIFICATION NUMBER | |
| Classification number | 940.54 |
| Author Mark | WER |
| 100 1# - MAIN ENTRY--PERSONAL NAME | |
| Personal name | Werner, Max, |
| 9 (RLIN) | 49600 |
| 245 10 - TITLE STATEMENT | |
| Title | Battle for the world, |
| Remainder of title | the strategy and diplomacy of the second world war, |
| Statement of responsibility, etc. | by Max Werner ... Translated by Heinz and Ruth Norden. |
| 260 ## - PUBLICATION, DISTRIBUTION, ETC. | |
| Place of publication, distribution, etc. | London, |
| Name of publisher, distributor, etc. | V. Gollancz ltd, |
| Date of publication, distribution, etc. | 1941. |
| 300 ## - PHYSICAL DESCRIPTION | |
| Extent | 288 p. |
| Other physical details | illus. |
| Dimensions | 19 cm. |
| 500 ## - GENERAL NOTE | |
| General note | The manuscript of the present book, which was published in the United States late in April 1941, was concluded late in March 1941. An "Afterword" has been added to this edition to bring the narrative as nearly up to date as possible for publication in June. cf. Foot-note, p. [272] |
| 526 ## - STUDY PROGRAM INFORMATION NOTE | |
| Program name | 0 |
| Interest level | 0 |
| Reading level | 0 |
| Title point value | 940_540000000000000_WER |
| 650 #0 - SUBJECT ADDED ENTRY--TOPICAL TERM | |
| Topical term or geographic name entry element | MCE |
| 9 (RLIN) | 379 |
| 650 #0 - SUBJECT ADDED ENTRY--TOPICAL TERM | |
| Topical term or geographic name entry element | World War, 1939-1945 |
| General subdivision | Campaigns. |
| 650 #0 - SUBJECT ADDED ENTRY--TOPICAL TERM | |
| Topical term or geographic name entry element | World War, 1939-1945 |
| General subdivision | Diplomatic history. |
| 9 (RLIN) | 50004 |
| 700 1# - ADDED ENTRY--PERSONAL NAME | |
| Personal name | Norden, Heinz, |
| 9 (RLIN) | 46143 |
| 700 1# - ADDED ENTRY--PERSONAL NAME | |
| Personal name | Norden, Ruth, |
| 9 (RLIN) | 50005 |
| 942 ## - ADDED ENTRY ELEMENTS (KOHA) | |
| Source of classification or shelving scheme | |
| Koha item type | Book |
| Withdrawn status | Lost status | Source of classification or shelving scheme | Damaged status | Not for loan | Permanent Location | Current Location | Shelving location | Date acquired | Total Checkouts | Full call number | Barcode | Date last seen | Price effective from | Koha item type |
|---|---|---|---|---|---|---|---|---|---|---|---|---|---|---|
| Military College of Engineering (MCE) | Military College of Engineering (MCE) | 01/21/2015 | 940.54 WER | MCE-ECB 42 | 01/21/2015 | 01/21/2015 | Book |
